Business ethics : (Record no. 1219)
[ view plain ]
| 000 -LEADER | |
|---|---|
| fixed length control field | 00870cam a22002532 4500 |
| 001 - CONTROL NUMBER | |
| control field | 0000020963 |
| 005 - DATE AND TIME OF LATEST TRANSACTION | |
| control field | 20151021151140.0 |
| 008 - FIXED-LENGTH DATA ELEMENTS--GENERAL INFORMATION | |
| fixed length control field | 120105s xx 000 0 eng d |
| 020 ## - INTERNATIONAL STANDARD BOOK NUMBER | |
| International Standard Book Number | 8177225136 : |
| 040 ## - CATALOGING SOURCE | |
| Original cataloging agency | KABU |
| Transcribing agency | KABU |
| 100 1# - MAIN ENTRY--PERSONAL NAME | |
| Personal name | Ferrell, O. C. |
| -- | 0000151489 |
| 245 10 - TITLE STATEMENT | |
| Title | Business ethics : |
| Remainder of title | ethical decision making and cases / |
| Statement of responsibility, etc. | O. C. Ferrell, John Fraedrich, Linda Ferrell. |
| 250 ## - EDITION STATEMENT | |
| Edition statement | 6th ed. |
| 260 ## - PUBLICATION, DISTRIBUTION, ETC. (IMPRINT) | |
| Place of publication, distribution, etc. | New Delhi : |
| Name of publisher, distributor, etc. | Biztantra, |
| Date of publication, distribution, etc. | 2008. |
| 300 ## - PHYSICAL DESCRIPTION | |
| Extent | xx, 461 p. |
| 500 ## - GENERAL NOTE | |
| General note | Indian adaptation. |
| 650 #0 - SUBJECT ADDED ENTRY--TOPICAL TERM | |
| Topical term or geographic name as entry element | Business ethics |
| General subdivision | Cases studies. |
| -- | 0000178273 |
| 700 1# - ADDED ENTRY--PERSONAL NAME | |
| Personal name | Fraedrich, John. |
| -- | 0000178274 |
| 700 1# - ADDED ENTRY--PERSONAL NAME | |
| Personal name | Ferrell, Linda. |
| -- | 0000178275 |
| 852 1# - LOCATION | |
| -- | p1270 KES |
| 852 1# - LOCATION | |
| -- | p1270 KES |
| 908 ## - PUT COMMAND PARAMETER (RLIN) | |
| Put command parameter | 120105 |
| 950 ## - LOCAL HOLDINGS (RLIN) | |
| -- | 1 |
| Withdrawn status | Lost status | Source of classification or shelving scheme | Not for loan | Home library | Current library | Date acquired | Total Checkouts | Total Renewals | Full call number | Barcode | Date last seen | Date last checked out | Price effective from | Koha item type |
|---|---|---|---|---|---|---|---|---|---|---|---|---|---|---|
| Library of Congress Classification | Kabarak, Main Campus | Kabarak, Main Campus | 21/10/2015 | 4 | 1 | HF5387 .F472 2008 c. 1 | 20390 | 25/10/2022 | 17/10/2022 | 21/10/2015 | General Collection | |||
| Library of Congress Classification | Kabarak, Main Campus | Kabarak, Main Campus | 21/10/2015 | 1 | HF5387 .F472 2008 c. 2 | 20392 | 27/09/2016 | 25/01/2016 | 21/10/2015 | General Collection | ||||
| Library of Congress Classification | Kabarak, Nakuru City Campus | Kabarak, Nakuru City Campus | 21/10/2015 | 8 | 1 | HF5387 .F472 2008 c. 1 | 015407 | 26/11/2018 | 22/11/2018 | 21/10/2015 | General Collection | |||
| Library of Congress Classification | Kabarak, Nakuru City Campus | Kabarak, Nakuru City Campus | 21/10/2015 | 10 | 1 | HF5387 .F472 2008 c. 2 | 015410 | 07/03/2019 | 27/02/2019 | 21/10/2015 | General Collection |